000 00732nam a2200241 a 4500
001 BRCA_4532
005 20190320204715.0
008 220910s1965----sp-#######---#000-1#spa-#
041 _aspa
044 _asp
050 4 _aPQ6325
_b.C47 1965
100 1 _aCervantes Saavedra, Miguel de
_d1547-1616
_9213
245 1 0 _aEl cerco de numancia. El gallardo español
_cMiguel de Cervantes Saavedra.
250 _a3
260 _aMadrid
_bEspasa-Calpe
_c1965
300 _a149 p.
_c18 cm.
440 0 _aColección Austral
_v774
_911484
500 _aIncluye índice de autores de la colección Austral
500 _aLibro donado por el Dr. Lúdovik Osterc, 1984
740 0 _aEl gallardo español
902 _aCERV
942 _2lcc
_cB
999 _c4238
_d4238